Aventuras de Sherlock Holmes. (Registro nro. 43213)
[ vista simple ]
| 000 -CABECERA | |
|---|---|
| campo de control de longitud fija | 00312nam a2200109 a 4500 |
| 005 - FECHA Y HORA DE LA ÚLTIMA TRANSACCIÓN | |
| campo de control | 20240305135616.0 |
| 008 - DATOS DE LONGITUD FIJA--INFORMACIÓN GENERAL | |
| campo de control de longitud fija | 140407s1971 000 spa d |
| 040 ## - FUENTE DE LA CATALOGACIÓN | |
| Centro catalogador/agencia de origen | DO-SdBNP |
| 100 1# - ENTRADA PRINCIPAL--NOMBRE DE PERSONA | |
| Nombre de persona | Doyle, Arthur Conan, |
| Fechas asociadas al nombre | 1859-1930 |
| 9 (RLIN) | 13006 |
| 245 #0 - MENCIÓN DE TÍTULO | |
| Título | Aventuras de Sherlock Holmes. |
| 260 ## - PUBLICACIÓN, DISTRIBUCIÓN, ETC. | |
| Lugar de publicación, distribución, etc. | Madrid -- Libra, |
| Fecha de publicación, distribución, etc. | 1971 -- 185 p. |
No hay ítems disponibles.
